00570nam a2200193 a 450000100060000000300080000600500170001400800410003103500190007204000310009104100080012208200250013010000230015524500760017826000490025430000340030350000190033765000200035652382BD-RjUL20211209075809.0160920s1962 enka b 001 0 eng  a(BD-RjUL)52502 aDLC/ICUcICUdBD-RjULbeng aeng00a530.12223bIKQ 196210aIkenberry, Ernest.10aQuantum mechanics for mathematicians and physicists /cErnest Ikenberry aNew York :bOxford University Press,cc1962. axii, 269 p. :bill. ;c24 cm. aInclude index. 0aQuantum theory.